Lord of the Rings: Who Killed Whom? Quiz Stats

 Plays Quiz Updated May 7, 2016

Score 0/14 Timer 05:00
16 Plays Today
% Correct
Balrog
92.2%
Gandalf
90.9%
Witch King of Angmar
87%
Déagol
86.5%
Boromir
79.5%
Saruman
73.9%
Denethor
71.9%
% Correct
Grima Wormtongue
63.6%
Elendil
57.4%
Isildur
51.9%
Háma
50.5%
Théodred
45.2%
Balin
44.5%
Théoden
43.6%

You're not logged in!

Compare scores with friends on all Sporcle quizzes.
OR
Log In

Show Comments

Extras

Top Quizzes Today


Score Distribution

Your Account Isn't Verified!

In order to create a playlist on Sporcle, you need to verify the email address you used during registration. Go to your Sporcle Settings to finish the process.

Report this User

Report this user for behavior that violates our Community Guidelines.

Details: